Osobennosti formirovanii︠a︡ nat︠s︡ionalʹnoĭ modeli korporativnogo upravlenii︠a︡ /

Saved in:
Bibliographic Details
Main Author: Radygin, A. D. 1962-
Other Authors: Ėntov, R. M., Mezheraups, I. V.
Format: Book
Language:Russian
Published: Moskva : In-t ėkonomiki perekhodnogo perioda, 2003.
Series:Nauchnye trudy (Institut ėkonomiki perekhodnogo perioda (Moscow, Russia)) no 55P.
Subjects:
Tags: Add Tag
No Tags, Be the first to tag this record!
LEADER 00931nam a22002417a 4500
001 009350089-0
005 20061018152525.0
008 040428s2003 ru b |||||||rus|d
020 |a 593255116X 
035 0 |a ocm62569519 
050 0 0 |a HD2741  |b .R23 2003 
100 1 |a Radygin, A. D.  |q (Aleksandr Dmitrievich),  |d 1962- 
245 0 0 |a Osobennosti formirovanii︠a︡ nat︠s︡ionalʹnoĭ modeli korporativnogo upravlenii︠a︡ /  |c Radygin A.D., Ėntov R.M., Mezheraups I.V. 
260 0 0 |a Moskva :  |b In-t ėkonomiki perekhodnogo perioda,  |c 2003. 
300 |a 167 p. ;  |c 20 cm. 
490 1 |a Nauchnye trudy ;  |v no.55P 
504 |a Includes bibliographical references. 
650 0 |a Corporate governance  |z Russia (Federation) 
700 1 0 |a Ėntov, R. M.  |q (Revolʹd Mikhaĭlovich) 
700 1 0 |a Mezheraups, I. V. 
830 0 |a Nauchnye trudy (Institut ėkonomiki perekhodnogo perioda (Moscow, Russia))  |v no 55P. 
988 |a 20040428 
906 |0 MH